|
|
|
|
| LEADER |
00000cam a2200000 a 4500 |
| 001 |
1/123573 |
| 008 |
210922s1987####gr | ||| |||| ||gre|| |
| 040 |
|
|
|a GR-MyUa
|b gre
|c GR-MyUa
|e AACR2
|
| 041 |
1 |
|
|a gre
|h eng
|
| 082 |
7 |
|
|a 204.4
|2 (23)
|
| 100 |
1 |
|
|a Brunton, Paul,
|d 1898-1981.
|
| 245 |
1 |
2 |
|a Ο ερημίτης στα Ιμαλάια /
|c Πωλ Μπράντον ; μετάφραση: Γ. Ντούμας.
|
| 260 |
|
|
|a Αθήνα :
|b Κάκτος,
|c c1987.
|
| 300 |
|
|
|a 295 σ. ;
|c 21 εκ.
|
| 650 |
|
0 |
|a Spiritual life
|
| 650 |
|
0 |
|a Yogis
|z Himalaya Mountains.
|
| 651 |
|
0 |
|a Himalaya Mountains
|x Description and travel.
|
| 651 |
|
0 |
|a Himalaya Mountains Region
|x Religion.
|
| 970 |
|
|
|a Κοντού
|b Παρασκευή
|z 22/09/2021
|